| 000 | 00561nam a22001697a 4500 | ||
|---|---|---|---|
| 003 | NUST | ||
| 038 | _aNusrat Nadeem | ||
| 082 | _a200 | ||
| 100 |
_aAmeer, Huma _9125550 |
||
| 245 |
_aCo-occuring Disfluencies in Stuttered Speech Detection and Classification via Deep Learning Framework/ _cHuma Ameer, |
||
| 264 |
_aIslamabad; _bSEECS NUST; _c2024. |
||
| 300 |
_a97,p; _bill; _c30,cm. |
||
| 650 |
_aMS-Data Science _9123017 |
||
| 700 |
_aSupervisor: Dr Seemab Latif _996493 |
||
| 856 | _uhttp://10.250.8.41:8080/xmlui/handle/123456789/46162 | ||
| 942 |
_2ddc _cSC |
||
| 999 |
_c611296 _d611296 |
||